<?xml version="1.0" encoding="UTF-8"?>
<marc:record xmlns:marc="http://www.loc.gov/MARC21/slim">
   <marc:leader>00000nam a2200000 a 4500</marc:leader>
   <marc:datafield ind1="1" ind2=" " tag="100">
      <marc:subfield code="a">Le Meur, Anne-Sophie</marc:subfield>
      <marc:subfield code="4">aut</marc:subfield>
      <marc:subfield code="e">Verfasser/-in</marc:subfield>
   </marc:datafield>
   <marc:datafield ind1="0" ind2="0" tag="245">
      <marc:subfield code="a">Vom Lesen zum Erleben</marc:subfield>
   </marc:datafield>
   <marc:datafield ind1="0" ind2="0" tag="245">
      <marc:subfield code="b">MINT in der Bücherei</marc:subfield>
   </marc:datafield>
   <marc:datafield ind1="0" ind2="0" tag="245">
      <marc:subfield code="c">Anne-Sophie Le Meur</marc:subfield>
   </marc:datafield>
   <marc:datafield ind1=" " ind2="1" tag="264">
      <marc:subfield code="a">Höchst</marc:subfield>
      <marc:subfield code="b">Bücherei Spielothek Höchst</marc:subfield>
      <marc:subfield code="c">2025</marc:subfield>
   </marc:datafield>
   <marc:datafield ind1="1" ind2=" " tag="490">
      <marc:subfield code="a">EA-Kurs 162</marc:subfield>
   </marc:datafield>
   <marc:datafield ind1="1" ind2=" " tag="520">
      <marc:subfield code="a">Öffentliche Bibliotheken bieten einen Raum für die Vermittlung von Bildung und Wissen an und können das Lernen von Mathematik, Informatik, Naturwissenschaften und Technik (verkürzt MINT) mit Leseförderung und dem Aufbau von Sprachkompetenzen verknüpfen. Die Bücherei Spielothek Höchst verfügt über viele Sachbücher und Geschichten, die dazu einladen, sich mit naturwissenschaftlichen und technischen Phänomenen auseinanderzusetzen. Zusätzlich möchten wir den Kindern neue Aktivitäten anbieten, die dazu führen zu entdecken, forschen und experimentieren. Für die Einführung vom MINT in der Bücherei werden vorerst Workshops für Kinder im Volksschulalter durch ExpertInnen abgehalten. Zwei verschiedene Workshops bieten sich an: ein Workshop mit Einstieg in die Sprache der Roboter - das Programmieren und ein Workshop, bei dem Kinder und Eltern gemeinsam basteln und tüfteln dürfen. Das Ziel ist, den Kindern MINT-Themen näherzubringen und ihr Interesse an Wissenschaften und Technik zu wecken.</marc:subfield>
   </marc:datafield>
   <marc:datafield ind1=" " ind2=" " tag="041">
      <marc:subfield code="a">ger</marc:subfield>
   </marc:datafield>
   <marc:datafield ind1=" " ind2=" " tag="300">
      <marc:subfield code="a">13 Seiten, Grafiken</marc:subfield>
   </marc:datafield>
</marc:record>
